| 000 | 00374nam a2200145 a 4500 | ||
|---|---|---|---|
| 001 | 18493 | ||
| 005 | 20180713211806.0 | ||
| 008 | 140415s1966 mx 000 0 spa d | ||
| 041 | _aspa | ||
| 082 |
_a709.73 _bART |
||
| 245 | 0 | 0 |
_aARTE EVA : _bHABLA EL ARTISTA |
| 260 |
_aMEXICO : _bEDITORIAL ROBLE, _c1966 |
||
| 300 | _a95 | ||
| 650 | 1 | 4 |
_aARTE _xESTADOS UNIDOS |
| 999 |
_c18493 _d18493 |
||